000 00271nam a22001217a 4500
008 240902b |||||||| |||| 00| 0 eng d
082 _a 796.334-26
100 _aFifa
245 _aGoalkeeping
260 _aSwitzerland
_bFifa
300 _a231 p.;
_c29.7 Cm.
942 _2ddc
999 _c9991
_d9992